000 00576nam a2200205Ia 4500
001 4809
003 GE_BSU
008 181216s||||||||xx |||||||||||||| ||und||
040 _cGE_BSU
080 _a517
100 _aАкилов, Г.А;Дятлов.
245 _aОсноиы математического Анализа
245 _cОтв. ред. Ю.Г.Решетняк
260 _aНовосибирск:
260 _bНаука
260 _c1980
300 _a336 с
653 _aОсноиы математического Анализа
942 _cBK
999 _c38626
_d38626